书目信息 |
| 题名: |
2005年普通高等学校招生全国统一考试大纲的说明
|
|
| 作者: | ;教育部考试中心 | |
| 分册: | 理科 | |
| 出版信息: | 北京 高等教育出版社 2005 |
|
| 页数: | 511页 | |
| 开本: | 20cm | |
| 丛书名: | ||
| 单 册: | ||
| 中图分类: | G632.479 | |
| 科图分类: | ||
| 主题词: | 教育--各级 | |
| 电子资源: | ||
| ISBN: | 7-04-016267-9 | |
| 000 | 00712nam0 2200205 450 | |
| 001 | 0635195515 | |
| 005 | 20061016094755.31 | |
| 010 | @a7-04-016267-9@dCNY14.00 | |
| 100 | @a20061016d2005 km y0chiy0120 ea | |
| 101 | 0 | @achi |
| 102 | @aCN@b110000 | |
| 200 | 1 | @a2005年普通高等学校招生全国统一考试大纲的说明@A2005 nian pu tong gao deng xue xiao zhao sheng quan guo tong yi kao shi da gang de shuo ming@i理科@f教育部考试中心@Fjiao yu bu kao shi zhong xin |
| 210 | @a北京@c高等教育出版社@d2005 | |
| 215 | @a511页@d20cm | |
| 517 | 1 | @a理科@Ali ke |
| 606 | 0 | @a教育@x各级 |
| 690 | @aG632.479@v3 | |
| 711 | 0 | @a教育部考试中心@Ajiao yu bu kao shi zhong xin |
| 801 | 0 | @aCN@bPFT@c20061016 |
| 905 | @a10447@dG632.479@e117 | |
| 2005年普通高等学校招生全国统一考试大纲的说明.理科/教育部考试中心.-北京:高等教育出版社,2005 |
| 511页;20cm |
| ISBN 7-04-016267-9:CNY14.00 |
| ● |
| 相关链接 |
|
|
|
|
正题名:2005年普通高等学校招生全国统一考试大纲的说明
索取号:G632.479/117
 
预约/预借
| 序号 | 登录号 | 条形码 | 馆藏地/架位号 | 状态 | 备注 |
| 1 | 0502012 | 205020127 | 密集书库/ [索取号:G632.479/117] | 在馆 |